Statistiques concernant Géographie générale d'Afrique

Cliquez ici pour prendre le quiz!

Statistiques générales

  • Ce quiz a été pris 297 fois
  • Le résultat moyen est 14 sur 20

Statistiques - réponses

QuestionRéponse% Correct
Quels pays commencent par la lettre Z ?La Zambie
96%
Quelle est la capitale la plus au nord du continent ?Tunis
96%
Quels pays commencent par la lettre Z ?Le Zimbabwe
94%
Sur quelle île peut-on trouver des lémuriens ?Madagascar
94%
Quel pays est complètement enclavé par un seul et unique autre état africain ?Le Lesotho
90%
Que sont Khéops, Khéphren et Mykérinos ?Des pyramides
84%
...et quelle est la capitale la plus au sud ?Le Cap
83%
Quel pays asiatique se trouve à 20 kilomètres de Djibouti ?Le Yémen
81%
Quel archipel espagnol se trouve au large du Maroc ?Les îles Canaries
78%
Quelle est la plus haute montagne d'AfriqueLe Kilimandjaro
77%
Quelle est la deuxième ville la plus peuplée d'Egypte ?Alexandrie
76%
Quelle type de monnaie est utilisée en Algérie et en Tunisie ?Le dinar
73%
Quelle est la principale chaîne de montagnes maghrébine ?L'Atlas
71%
Quel territoire est disputé entre le Maroc et la République Sahraouie ?Le Sahara Occidental
67%
Quel langage d'Afrique du Sud est issu du néerlandais ?L'Afrikaans
58%
Quel fleuve sépare les espaces de peuplement des chimpanzés et des bonobos ?Le fleuve Congo
56%
Quel est le produit le plus exporté depuis le Nigeria ?Le pétrole
48%
Quel est le plus grand barrage du Nil ?Le barrage d'Assouan
38%
Quelle langue officielle est partagée par la Tanzanie, le Kenya,
l'Ouganda, la R.D. Congo et les Comores ?
Le swahili
38%
Quel groupe ethnique nomade basé en Tanzanie et au Kenya vit de l'élevage de bétail ?Les Maasaï
31%

Distribution des résultats

Percentile par nombre de réponses

% des personnes avec chaque résultat

Votre développement - résultats

Vous n’avez pas pris ce quiz